VII International conference Overvoltages in power -electroni - and computer engineering : (Rekord nr 32624)
| 000 -ETYKIETA REKORDU | |
|---|---|
| podpole kontrolne o stałej długości | 01106nam a2200265 i 4500 |
| 001 - NUMER KONTROLNY REKORDU | |
| pole kontrolne | bg |
| 020 ## - MIĘDZYNARODOWY ZNORMALIZOWANY NUMER KSIĄŻKI - ISBN | |
| ISBN | 8386272619 |
| 040 ## - ŹRÓDŁO KATALOGOWANIA | |
| Instytucja, która utworzyła rekord | BPK |
| 041 0# - KOD JĘZYKA | |
| Kod języka tekstu | enltplru |
| Kod języka streszczenia lub abstraktu | enltplru |
| 080 ## - UNIWERSALNA KLASYFIKACJA DZIESIĘTNA - UKD | |
| UKD | 621.315+621.316](061.3) |
| 920 ## - Międzynarodowy znormalizowany numer książki – ISBN | |
| ISBN | 83-86272-61-9 |
| 008 - POLE O STAŁEJ DŁUGOŚCI - DANE KONTROLNE | |
| podpole kontrolne o stałej długości | s pl f |000 0 pol |
| 245 04 - TYTUŁ/ODPOWIEDZIALNOŚĆ | |
| Tytuł | VII International conference Overvoltages in power -electroni - and computer engineering : |
| Ciąg dalszy tytułu | 8-11 October 1997, Holny Mejera Poland, Vilnius Lithuania r. / |
| Pozostałe elementy strefy tytułu i oznaczenia odpowiedzialności | Bialystok Technical University [et al. ; Org. Com. |
| Oznaczenie części/sekcji dzieła | Z. Dmochowski]. |
| 260 ## - STREFA ADRESU WYDAWNICZEGO | |
| Miejsce wydania | Białystok : |
| Nazwa wydawcy/dystrybutora | Wydawnictwa PB, |
| Data publikacji, dystrybucji/powstania dokumentu | 1997. |
| 300 ## - STREFA OPISU FIZYCZNEGO | |
| Objętość | 165 s. : |
| Inne cechy fizyczne | rys., wykr. ; |
| Rozmiary | 23 cm. |
| 500 ## - UWAGI OGÓLNE | |
| Tekst uwagi | Materiały poprz. konferncji ukazały się pt.: Sympozjum na temat Przepięcia w urządzeniach elektrycznych i elektronicznych. |
| 500 ## - UWAGI OGÓLNE | |
| Tekst uwagi | Tekst częśc. w jęz. pol., ang., ros., lit. |
| 504 ## - UWAGA DOTYCZĄCA BIBLIOGRAFII | |
| Informacje o bibliografii | Bibliogr., streszcz., summ., rez. przy ref. |
| 650 #9 - HASŁO PRZEDMIOTOWE W FORMIE NAZWY OGÓLNEJ LUB JEDNOSTKOWEJ | |
| Nazwa ogólna lub geograficzna | Elektronika |
| Określnik ogólny | urządzenia |
| 650 #9 - HASŁO PRZEDMIOTOWE W FORMIE NAZWY OGÓLNEJ LUB JEDNOSTKOWEJ | |
| Nazwa ogólna lub geograficzna | Informatyka |
| Określnik ogólny | urządzenia |
| 650 #9 - HASŁO PRZEDMIOTOWE W FORMIE NAZWY OGÓLNEJ LUB JEDNOSTKOWEJ | |
| Nazwa ogólna lub geograficzna | Przepięcie |
| 655 ## - TERMIN INDEKSOWY - OKREŚLENIE RODZAJU/FORMY DOKUMENTU | |
| Określenie rodzaju/formy dokumentu | Materiały konferencyjne |
| 700 1# - HASŁO DODATKOWE - NAZWA OSOBOWA | |
| Nazwa osobowa | Dmochowski, Zbigniew |
| Daty związane z nazwą | (1931- ). |
| Określenie związku między hasłem a opisywanym materiałem | Red. |
| 856 ## - LOKALIZACJA I DOSTĘP DO ELEKTRONICZNYCH DOKUMENTÓW ZDALNYCH | |
| Link (URL) | http://koha.tu.koszalin.pl/cgi-bin/koha/opac-detail.pl?biblionumber=32624 |
| Tekst linku | Katalog online BPK |
| 942 ## - DODATKOWE ELEMENTY (KOHA) | |
| Typ dokumentu | Książka |
| Wycofany | Status egzemplarza | Uszkodzony | Dostępność | Lokalizacja stała | Lokalizacja bieżąca | Miejsce przechowywania | Sygnatura | Kod kreskowy | Typ dokumentu |
|---|---|---|---|---|---|---|---|---|---|
| Dostępny | Biblioteka Politechniki Koszalińskiej | Biblioteka Politechniki Koszalińskiej | Wypożyczalnia BG | 41793 | 01294811 | Książka |
